<?xml version="1.0" encoding="UTF-8"?>
<record
    xmlns:xsi="http://www.w3.org/2001/XMLSchema-instance"
    xsi:schemaLocation="http://www.loc.gov/MARC21/slim http://www.loc.gov/standards/marcxml/schema/MARC21slim.xsd"
    xmlns="http://www.loc.gov/MARC21/slim">

  <leader>00723nam a22002417a 4500</leader>
  <datafield tag="999" ind1=" " ind2=" ">
    <subfield code="c">174402</subfield>
    <subfield code="d">174402</subfield>
  </datafield>
  <controlfield tag="005">20200612115227.0</controlfield>
  <datafield tag="010" ind1=" " ind2=" ">
    <subfield code="a">128462</subfield>
  </datafield>
  <datafield tag="020" ind1=" " ind2=" ">
    <subfield code="c">2.00</subfield>
  </datafield>
  <datafield tag="035" ind1=" " ind2=" ">
    <subfield code="a">128462</subfield>
  </datafield>
  <datafield tag="037" ind1=" " ind2=" ">
    <subfield code="b">Cen Lib/Ret</subfield>
  </datafield>
  <datafield tag="082" ind1=" " ind2=" ">
    <subfield code="a">840.9</subfield>
  </datafield>
  <datafield tag="100" ind1=" " ind2=" ">
    <subfield code="a">&#x633;&#x6CC;&#x62F; &#x645;&#x62D;&#x645;&#x62F; &#x627;&#x62A;&#x648;&#x633;&#x6CC;&#x646;&#x6CC;</subfield>
  </datafield>
  <datafield tag="245" ind1=" " ind2=" ">
    <subfield code="a">&#x645;&#x639;&#x631;&#x627;&#x62C; &#x627;&#x644;&#x639;&#x627;&#x634;&#x642;&#x6CC;&#x646; /</subfield>
    <subfield code="c">&#x633;&#x6CC;&#x62F; &#x645;&#x62D;&#x645;&#x62F; &#x627;&#x62A;&#x648;&#x633;&#x6CC;&#x646;&#x6CC;</subfield>
  </datafield>
  <datafield tag="246" ind1=" " ind2=" ">
    <subfield code="a">Merajul Asheqeen /</subfield>
    <subfield code="b">by Syed Mohammed Itusaini ; edited by Khaliq Anjum</subfield>
  </datafield>
  <datafield tag="260" ind1=" " ind2=" ">
    <subfield code="a">Delhi</subfield>
    <subfield code="b">Maktaba Shahraha</subfield>
  </datafield>
  <datafield tag="270" ind1=" " ind2=" ">
    <subfield code="a">Urdu Bazar</subfield>
    <subfield code="b">Delhi</subfield>
  </datafield>
  <datafield tag="300" ind1=" " ind2=" ">
    <subfield code="a">119p. </subfield>
    <subfield code="c">22cm(Hb)</subfield>
  </datafield>
  <datafield tag="650" ind1=" " ind2=" ">
    <subfield code="a"> &#x627;&#x62F;&#x628; - &#x627;&#x631;&#x62F;&#x648;</subfield>
  </datafield>
  <datafield tag="650" ind1=" " ind2=" ">
    <subfield code="a">&#x627;&#x631;&#x62F;&#x648; &#x627;&#x641;&#x633;&#x627;&#x646;&#x6C1; </subfield>
  </datafield>
  <datafield tag="650" ind1=" " ind2=" ">
    <subfield code="a">Literature -- Urdu</subfield>
  </datafield>
  <datafield tag="650" ind1=" " ind2=" ">
    <subfield code="a">Urdu stories </subfield>
  </datafield>
  <datafield tag="942" ind1=" " ind2=" ">
    <subfield code="2">ddc</subfield>
    <subfield code="c">UR</subfield>
    <subfield code="h">840.9</subfield>
    <subfield code="m">&#x62D; &#x633; &#x6CC;</subfield>
  </datafield>
  <datafield tag="952" ind1=" " ind2=" ">
    <subfield code="0">0</subfield>
    <subfield code="1">0</subfield>
    <subfield code="4">0</subfield>
    <subfield code="7">0</subfield>
    <subfield code="8">NFIC</subfield>
    <subfield code="a">L</subfield>
    <subfield code="b">L</subfield>
    <subfield code="d">2020-06-12</subfield>
    <subfield code="e">BPPD/Ven.</subfield>
    <subfield code="g">2.00</subfield>
    <subfield code="l">0</subfield>
    <subfield code="o">840.9 &#x62D; &#x633; &#x6CC;</subfield>
    <subfield code="p">128462</subfield>
    <subfield code="r">2020-06-12 00:00:00</subfield>
    <subfield code="t">1</subfield>
    <subfield code="v">2.00</subfield>
    <subfield code="w">2020-06-12</subfield>
    <subfield code="y">UR</subfield>
  </datafield>
</record>
